| 000 | 01322nam a22002297a 4500 | ||
|---|---|---|---|
| 005 | 20210325204757.0 | ||
| 008 | s2553 th tha d | ||
| 041 | _atha | ||
| 090 | _aว KE101.2 ก389ป 2553 | ||
| 100 | 0 | _aกันตพิชญ์ กอบเกียรติพัฒน์ | |
| 245 | 1 | 0 | _aปัญหาการดำเนินการทางวินัยของข้าราชการส่วนท้องถิ่นไทย |
| 260 | 3 |
_aกรุงเทพฯ : _bมหาวิทยาลัยธรรมศาสตร์, _c2553 |
|
| 300 |
_a167 หน้า ; _b 30 ซม. |
||
| 650 | 0 | 4 | _aระเบียบบริหารงานบุคคลส่วนท้องถิ่น (พ.ร.บ.) -- 2542 -- วิจัย |
| 650 | 0 | 4 | _aข้าราชการส่วนท้องถิ่น -- วินัย -- วิจัย |
| 650 | 0 | 4 | _aมหาวิทยาลัยธรรมศาสตร์. นิติศาสตรมหาบัณฑิต -- วิทยานิพนธ์ |
| 850 | _aNALT | ||
| 942 |
_cRSH _08 |
||
| 997 |
_a37238 _kVC |
||
| 997 | _c000000000061779 | ||
| 998 | _aนางสาวชัชฎา จูฑะรักษ์ | ||
| 999 |
_c61779 _d61779 |
||